Statistics for NBA Players from Pittsburgh

Click here to take the quiz!

General Stats

  • This quiz has been taken 7 times
    (2 since last reset)
  • The average score is 5 of 21

Answer Stats

Position Player Draft Year % Correct
CSteven Adams2013
100%
GFBilly Knight1974
50%
GBrandin Knight2003
50%
GFLamar Patterson2014
50%
FSam Young2009
50%
CAaron Gray2007
50%
FChris Taft2005
50%
GCameron Johnson2019
50%
PFCharles Daniel Smith1988
50%
CThomas Hamilton1994
0%
FCMark Blount1997
0%
FMel Bennett1975
0%
FCEric Mobley1994
0%
CDarren Morningstar1992
0%
PFChris Gatling1991
0%
FDeJuan Blair2009
0%
FJerome Lane1988
0%
SGKeith Starr1976
0%
PFKhem Birch2014
0%
FJamel Artis2017
0%
PGVonteego Cummings1999
0%

Score Distribution

Percentile by Number Answered

Percent of People with Each Score

Your Score History

You have not taken this quiz since the last reset